Planificación central en una economía de mercado (Registro nro. 5254)
[ vista simple ]
| 000 -LEADER | |
|---|---|
| fixed length control field | 01690 a2200205 4500 |
| 001 - CONTROL NUMBER | |
| control field | 53830 |
| 005 - DATE AND TIME OF LATEST TRANSACTION | |
| control field | 20260407155809.0 |
| 008 - FIXED-LENGTH DATA ELEMENTS--GENERAL INFORMATION | |
| fixed length control field | 260407a1972 arg spa d |
| 003 - CONTROL NUMBER IDENTIFIER | |
| control field | AR-UNSa-BCEJYS |
| 040 ## - CATALOGING SOURCE | |
| Original cataloging agency | AR-UNSa-BCEJYS |
| Language of cataloging | spa |
| Transcribing agency | AR-UNSa-BCEJYS |
| 080 ## - UNIVERSAL DECIMAL CLASSIFICATION NUMBER | |
| Universal Decimal Classification number | 330.342.172 |
| Common auxiliary subdivision | Economía libre. Laissez-faire (Economía de Mercado) |
| 100 1# - MAIN ENTRY--PERSONAL NAME | |
| Personal name | Lutz, Vera |
| 245 10 - TITLE STATEMENT | |
| Title | Planificación central en una economía de mercado |
| 264 #1 - PRODUCTION, PUBLICATION, DISTRIBUTION, MANUFACTURE, AND COPYRIGHT NOTICE | |
| Place of production, publication, distribution, manufacture | Barcelona : |
| Name of producer, publisher, distributor, manufacturer | Ariel |
| Date of production, publication, distribution, manufacture, or copyright notice | 1972 |
| 300 ## - PHYSICAL DESCRIPTION | |
| Extent | 286 p. |
| Dimensions | 19 cm. |
| 505 ## - FORMATTED CONTENTS NOTE | |
| Formatted contents note | Primera parte: Un nuevo tipo de planificación - I. Introducción - II. Mecanismos y métodos de planificación - III. Los múltiples aspectos de la planificación francesa - IV. Los instrumentos exógenos(1) - V. Los instrumentos exógenos(2) - VI. La lógica del Plan: versión original - Segunda parte: Resultados de los planes - VII. Comparación de las previsiones u objetivos con los resultados(1) - VIII. Comparación de las previsiones u objetivos con los resultados(2) - Tercera parte: Crítica de la teoría de la planificación en la economía de mercado - IX. Principios básicos de la previsión colectiva - X. Previsión centralizada versus previsión descentralizada - XI. El problema de las participaciones en el mercado - XII. Métodos de previsión y sistemas económicos comparados - XIII. Previsión pública versus previsión privada - XIV. Sumario de la tercera parte - Cuarta parte: Perspectivas futuras de la planificación francesa - XV. La lógica del Plan: nueva orientación - XVI. "Capitalismo moderno" - XVII. "Capitalismo clásico" - XVIII. Algunas conclusiones |
| 590 ## - LOCAL NOTE (RLIN) | |
| Local note | niveau_biblio:m niveau_hierar:0 |
| 700 1# - ADDED ENTRY--PERSONAL NAME | |
| Personal name | Sanuy, Francisco |
| 942 ## - ADDED ENTRY ELEMENTS (KOHA) | |
| Koha item type | |
| Withdrawn status | Lost status | Damaged status | Not for loan | Home library | Current library | Shelving location | Date acquired | Total checkouts | Full call number | Barcode | Date last seen | Price effective from | Koha item type |
|---|---|---|---|---|---|---|---|---|---|---|---|---|---|
| Biblioteca Prof. Eusebio Cleto del Rey | Biblioteca Prof. Eusebio Cleto del Rey | 07/04/2026 | 330.342.172 L975 | L13445 | 07/04/2026 | 07/04/2026 | Libro |